Modern Dictatorships - Statistics

General Stats
  • This quiz has been taken 404 times
    314 since last reset
  • The average score is 37 of 49
Answer Stats
Country % Correct
North Korea
97%
Russia
94%
Iran
89%
China
88%
Iraq
86%
Saudi Arabia
86%
Belarus
85%
Afghanistan
84%
Yemen
84%
Tajikistan
83%
Turkmenistan
83%
Venezuela
83%
Oman
82%
Syria
82%
Democratic Republic of the Congo
81%
Laos
81%
Libya
81%
Vietnam
81%
Algeria
80%
Egypt
80%
Sudan
80%
Uzbekistan
80%
Cuba
79%
Somalia
79%
Cambodia
78%
Kazakhstan
78%
Qatar
78%
United Arab Emirates
78%
Azerbaijan
77%
Eritrea
77%
Myanmar
77%
Bahrain
75%
Republic of the Congo
75%
South Sudan
75%
Turkey
75%
Ethiopia
74%
Chad
73%
Angola
70%
Central African Republic
68%
Rwanda
66%
Djibouti
65%
Uganda
64%
Burundi
63%
Brunei
59%
Cameroon
59%
Equatorial Guinea
57%
Nicaragua
57%
Gabon
55%
Swaziland
50%
No matching quizzes found
Score Distribution
Percent of People with Each Score
Percentile by Number Answered
Your Score History
You have not taken this quiz since the last reset